[Event "ch-ISR"]
[Site "Ramat Aviv ISR"]
[Date "2004.09.28"]
[Round "8"]
[White "Golod,V"]
[Black "Klenburg,M"]
[Result "1-0"]
[WhiteElo "2538"]
[BlackElo "2399"]
[EventDate "2004.09.19"]

1. d4 d5 2. c4 dxc4 3. e4 Nf6 4. e5 Nd5 5. Bxc4 Nb6 6. Bb3 Nc6 7. Ne2 Bf5
8. Nbc3 e6 9. O-O Qd7 10. a3 Be7 11. Be3 Na5 12. Bc2 Nac4 13. Bxf5 exf5 14.
Qc2 O-O 15. Bc1 c5 16. Rd1 Qc8 17. b3 cxd4 18. Nxd4 Nxe5 19. Nxf5 Bf6 20.
Bb2 Ng6 21. a4 Qc7 22. Rac1 Rad8 23. a5 Nc8 24. Nd5 Qxc2 25. Rxc2 Bxb2 26.
Rxb2 Rde8 27. Rc2 Nce7 28. Nfe3 Nxd5 29. Rxd5 Re7 30. g3 Rfe8 31. Kg2 Nf8
32. b4 g6 33. Rd6 Kg7 34. Nd5 Re2 35. Rc7 R8e5 36. Rf6 Rxd5 37. Rcxf7+ Kh6
38. Rxf8 Re7 39. Rf4 Rb5 40. Rg8 a6 41. Rh4+ Kg5 42. Rf8 h5 43. Rhf4 Kh6
44. R8f6 Kg7 45. Rd6 Rf7 46. Rxf7+ Kxf7 47. Rb6 Rxb6 48. axb6 Ke6 49. f4
Kd5 50. h4 1-0

[Event "ch-ISR"]
[Site "Ramat Aviv ISR"]
[Date "2004.09.28"]
[Round "8"]
[White "Erenburg,S"]
[Black "Khmelniker,I"]
[Result "1-0"]
[WhiteElo "2533"]
[BlackElo "2444"]
[EventDate "2004.09.19"]

1. e4 e5 2. Nf3 Nc6 3. Bb5 a6 4. Ba4 b5 5. Bb3 Na5 6. d4 Nxb3 7. axb3 exd4
8. Qxd4 Bb7 9. Bg5 f6 10. Bf4 Ne7 11. Nc3 Nc6 12. Qe3 Bb4 13. O-O-O Bxc3
14. Qxc3 d6 15. Nh4 Qd7 16. Nf5 O-O-O 17. Rd2 Kb8 18. Rhd1 Qf7 19. f3 Rhe8
20. Bxd6 cxd6 21. Nxd6 Qe6 22. Nxe8 Rxd2 23. Qxd2 Qxe8 24. Qd6+ Kc8 25. Qg3
Qg6 26. Qxg6 hxg6 27. Kd2 Kd7 28. Ke3+ Ke6 29. h4 Ke7 30. Ra1 Nb4 31. Kd2
f5 32. exf5 gxf5 33. Re1+ Kf7 34. Re5 g6 35. Rc5 Nc6 36. Ke3 Kf6 37. Rd5
Ke6 38. Rd2 Ke5 39. g3 Ne7 40. c4 f4+ 41. gxf4+ Ke6 42. Rd8 Nf5+ 43. Kf2
Nxh4 44. Rb8 Bc6 45. Rb6 Kd7 46. Rxa6 b4 47. Kg3 Nf5+ 48. Kg4 Nd4 49. Kg5
Nxb3 50. Kxg6 Nd2 51. f5 Nxc4 52. f6 Ne5+ 53. Kg7 b3 54. f4 1-0

[Event "ch-ISR"]
[Site "Ramat Aviv ISR"]
[Date "2004.09.28"]
[Round "8"]
[White "Postny,E"]
[Black "Lerner,K"]
[Result "1/2-1/2"]
[WhiteElo "2563"]
[BlackElo "2494"]
[EventDate "2004.09.19"]

1. e4 c5 2. Nf3 d6 3. d4 cxd4 4. Nxd4 Nf6 5. Nc3 a6 6. Be3 Ng4 7. Bg5 h6 8.
Bh4 g5 9. Bg3 Bg7 10. Qd2 Nc6 11. Nb3 Be6 12. f3 Nge5 13. Bf2 Na5 14. Nxa5
Qxa5 15. Bd4 Rc8 16. a3 Rg8 17. O-O-O Nc4 18. Bxc4 Bxd4 19. Qxd4 Rxc4 20.
Qe3 Qc5 21. Qd3 Kd7 22. Nd5 b5 23. Kb1 Rb8 24. Nb4 Ra8 25. Qd2 a5 26. Nd3
Qd4 27. Qe2 Rc7 28. e5 d5 29. Nb4 Qc5 30. Nxd5 Bxd5 31. Rxd5+ Qxd5 32. Rd1
Rc5 33. Rxd5+ Rxd5 34. Qe4 e6 35. Qh7 Ke7 36. Qxh6 Rxe5 37. f4 gxf4 38.
Qxf4 Rd5 39. h4 Rc8 40. Qf3 Rh8 41. g3 a4 42. Qc3 Rg8 43. Qb4+ Kf6 44. c4
bxc4 45. Qxc4 Ra8 46. g4 Kg7 47. g5 Rf5 48. Qd4+ Kg8 49. Qg4 Raa5 50. g6
Kg7 51. gxf7+ Kxf7 52. Qe4 1/2-1/2

[Event "ch-ISR"]
[Site "Ramat Aviv ISR"]
[Date "2004.09.28"]
[Round "8"]
[White "Avrukh,B"]
[Black "Livshits,G"]
[Result "1-0"]
[WhiteElo "2600"]
[BlackElo "2415"]
[EventDate "2004.09.19"]

1. d4 d5 2. c4 c6 3. Nc3 Nf6 4. Nf3 e6 5. Bg5 h6 6. Bh4 g5 7. Bg3 dxc4 8.
e4 b5 9. Be2 Bg7 10. Qc2 g4 11. Ne5 Qxd4 12. Rd1 Qb6 13. Nxg4 Nxg4 14. Bxg4
Nd7 15. Be2 Bb7 16. O-O Ne5 17. Rd6 O-O 18. Rfd1 Rfd8 19. Nxb5 Nd3 20. Bxd3
cxd3 21. R1xd3 Ba6 22. Rxd8+ Rxd8 23. Rxd8+ Qxd8 24. Nd6 Qa5 25. h3 c5 26.
Qb3 Qb6 27. Qa4 Kh7 28. b3 Be2 29. Qd7 Bh5 30. Nxf7 Qa5 31. Ng5+ 1-0

[Event "ch-ISR"]
[Site "Ramat Aviv ISR"]
[Date "2004.09.28"]
[Round "8"]
[White "Huzman,A"]
[Black "Roiz,M"]
[Result "1/2-1/2"]
[WhiteElo "2588"]
[BlackElo "2574"]
[EventDate "2004.09.19"]

1. d4 d5 2. c4 c6 3. Nf3 Nf6 4. Nc3 e6 5. e3 a6 6. c5 Nbd7 7. Bd3 b6 8.
cxb6 c5 9. O-O Nxb6 10. Qe2 Bb7 11. b3 Bd6 12. dxc5 Bxc5 13. Bb2 O-O 14.
Rac1 Bb4 15. a3 Be7 16. Nb1 Nbd7 17. b4 Bd6 18. Nbd2 a5 19. e4 e5 20. exd5
axb4 21. Nc4 bxa3 22. Nxd6 axb2 23. Qxb2 Bxd5 24. Nxe5 Ra2 1/2-1/2

[Event "ch-ISR"]
[Site "Ramat Aviv ISR"]
[Date "2004.09.28"]
[Round "8"]
[White "Shevelev,A"]
[Black "Gershon,A"]
[Result "1/2-1/2"]
[WhiteElo "2340"]
[BlackElo "2518"]
[EventDate "2004.09.19"]

1. e4 c5 2. Nf3 Nc6 3. d4 cxd4 4. Nxd4 e6 5. Nc3 Qc7 6. g3 a6 7. Bg2 d6 8.
Nxc6 bxc6 9. O-O Be7 10. Re1 Bb7 11. Bf4 e5 12. Be3 Nf6 13. Na4 O-O 14. c4
Rab8 15. Ba7 Rbe8 16. Be3 Bc8 17. h3 Be6 18. Rc1 Qb8 19. b3 Rd8 20. Nc3 Ne8
21. Qe2 Nc7 22. Red1 Bc8 23. Kh2 Ne6 24. Na4 h6 25. h4 c5 26. Nc3 Nd4 27.
Bxd4 exd4 28. Nd5 Rde8 29. Re1 Bb7 30. Qd2 Bxd5 31. cxd5 Bd8 32. Bf1 Qb7
33. Bc4 a5 34. f4 Bc7 35. Re2 Qc8 36. Rce1 Qb8 1/2-1/2

[Event "ch-ISR"]
[Site "Ramat Aviv ISR"]
[Date "2004.09.28"]
[Round "8"]
[White "Rinberg,A"]
[Black "Sidorenko,I"]
[Result "0-1"]
[WhiteElo "2336"]
[BlackElo "2283"]
[EventDate "2004.09.19"]

1. e4 c5 2. Nf3 Nc6 3. g3 g6 4. Bg2 Bg7 5. O-O d6 6. c3 e5 7. b4 cxb4 8.
cxb4 Bg4 9. h3 Bxf3 10. Qxf3 Nge7 11. Bb2 Nxb4 12. Qb3 Nbc6 13. Na3 a6 14.
f4 Na5 15. Qa4+ Nec6 16. Rab1 O-O 17. d3 Rc8 18. Nc2 b5 19. Qa3 Qb6+ 20.
Kh1 b4 21. Qa4 Nb7 22. d4 exd4 23. Qb3 Nc5 24. Qd5 Na4 25. e5 Nxb2 26. Rxb2
dxe5 27. fxe5 d3 28. Qxd3 Nxe5 29. Qe2 a5 30. Ne3 Kh8 31. Nd5 Qc5 32. Rb3
Qc2 33. Qxc2 Rxc2 34. a3 bxa3 35. Rxa3 Nc4 36. Ra4 f5 37. Re1 Bh6 38. Bf3
Rb8 39. Re2 Rc1+ 40. Kg2 Bf8 41. g4 Bd6 42. Nf6 f4 43. Ne4 Be5 44. Ng5 Bd4
45. Be4 Rb3 46. Nf3 Ne3+ 47. Kh2 Bb6 48. Raa2 Rb4 49. Bd3 a4 50. g5 Rb3 51.
Be4 a3 52. h4 Ng4+ 53. Kg2 Rg1+ 0-1

[Event "ch-ISR"]
[Site "Ramat Aviv ISR"]
[Date "2004.09.28"]
[Round "8"]
[White "Karasik,E"]
[Black "Mikhalevski,V"]
[Result "0-1"]
[WhiteElo "2174"]
[BlackElo "2551"]
[EventDate "2004.09.19"]

1. e4 e5 2. d4 exd4 3. c3 Qe7 4. cxd4 Qxe4+ 5. Be2 Nf6 6. Nf3 Bb4+ 7. Nc3
O-O 8. O-O Bxc3 9. bxc3 d6 10. Bd3 Qg4 11. h3 Qh5 12. Bg5 Nc6 13. Re1 Re8
14. Bxf6 Rxe1+ 15. Qxe1 gxf6 16. Qe8+ Kg7 17. Re1 Rb8 18. Qe4 Bd7 19. Qf4
Qh6 20. Qg3+ Kh8 21. Re4 Bf5 22. Rh4 Qc1+ 23. Bf1 Rg8 24. Qf4 Qxf4 25. Rxf4
Ne7 26. Kh2 Be6 27. Re4 Ng6 28. a3 Kg7 29. Re1 Re8 30. Rb1 Bd5 31. Nd2 b6
32. Bb5 Re7 33. Nf1 Be4 34. Re1 c6 35. Ng3 f5 36. f3 Bc2 37. Rc1 f4 38.
Nh5+ Kh6 39. Rxc2 cxb5 40. Nf6 Re1 41. Ne4 d5 42. Nd6 Nh4 43. Nxf7+ Kg7 44.
Ne5 Re3 45. Ng4 Re8 46. Ne5 Rc8 47. Nd3 Ng6 48. Nb4 Ne7 49. Nd3 Ng6 50. Nb4
Rd8 51. Na6 Rd7 52. Rb2 Nh4 53. Rxb5 Re7 54. Rxd5 Re2 55. Rg5+ Kf6 0-1

[Event "ch-ISR"]
[Site "Ramat Aviv ISR"]
[Date "2004.09.28"]
[Round "8"]
[White "Gofshtein,Z"]
[Black "Kataev,Si"]
[Result "1-0"]
[WhiteElo "2540"]
[BlackElo "2286"]
[EventDate "2004.09.19"]

1. d4 d5 2. c4 c6 3. Nf3 Nf6 4. Nc3 g6 5. Bf4 Bg7 6. e3 O-O 7. Be2 Nbd7 8.
cxd5 Nxd5 9. Nxd5 cxd5 10. O-O Nf6 11. Rc1 h6 12. Bc7 Qd7 13. Qb3 Qe6 14.
a4 Kh7 15. a5 a6 16. Rc2 Ne4 17. Ne5 Nd6 18. Nd3 Qf5 19. Nf4 Bxd4 20. Bd3
Qe5 21. Qxd5 Qxd5 22. Nxd5 Ba7 23. Nxe7 Bb8 24. Rd1 Re8 25. Nd5 Re6 26. Nb6
Bxc7 27. Rxc7 Rb8 28. Be2 Rf6 29. Rd7 Ne4 30. Rd8 Nxf2 31. Rf1 Nh3+ 32.
gxh3 1-0

[Event "ch-ISR"]
[Site "Ramat Aviv ISR"]
[Date "2004.09.28"]
[Round "8"]
[White "Bykhovsky,An ISR"]
[Black "Porat,S"]
[Result "1-0"]
[WhiteElo "2209"]
[BlackElo "2431"]
[EventDate "2004.09.19"]

1. d4 Nf6 2. c4 e6 3. Nf3 Bb4+ 4. Nbd2 d5 5. a3 Be7 6. e3 O-O 7. Bd3 b6 8.
O-O Bb7 9. b4 Nbd7 10. c5 a5 11. Bb2 bxc5 12. dxc5 c6 13. Qc2 Ba6 14. Bxa6
Rxa6 15. Nb3 a4 16. Nbd2 Qc7 17. e4 e5 18. Ne1 Raa8 19. f3 Nh5 20. Nd3 Bg5
21. Rfe1 Rae8 22. Rad1 f5 23. Qxa4 Nhf6 24. exd5 cxd5 25. f4 Bxf4 26. Nxf4
exf4 27. Rxe8 Rxe8 28. Nf3 Rd8 29. Qc2 Ne4 30. Rxd5 Ndf6 31. Be5 Qc8 32.
Rxd8+ Qxd8 33. Bxf4 Nd5 34. Be5 Kh8 35. Qd3 Qa8 36. h3 Qc6 37. Qd4 Kg8 38.
Bxg7 Nf4 39. Kh2 Ne6 40. b5 Nxd4 41. bxc6 Nxc6 42. Bd4 Kf7 43. Ne5+ Nxe5
44. Bxe5 Nxc5 45. Bd4 Ne4 46. a4 Ke6 47. a5 Kd7 48. a6 Kc6 49. a7 Kb7 50.
Kg1 f4 51. Kf1 Ng5 52. h4 Ne6 53. Bf2 Nf8 54. Ke2 Ng6 55. Kf3 h5 56. Ke4
Ne7 57. Kxf4 Nd5+ 58. Kg5 Nc3 59. Kxh5 Ne4 60. Bd4 1-0

[Event "ch-ISR"]
[Site "Ramat Aviv ISR"]
[Date "2004.09.28"]
[Round "8"]
[White "Kantarji,P"]
[Black "Gerzhoy,L"]
[Result "0-1"]
[WhiteElo "2414"]
[BlackElo "2376"]
[EventDate "2004.09.19"]

1. e4 c5 2. Nf3 d6 3. d4 cxd4 4. Nxd4 Nf6 5. Nc3 Nc6 6. Bc4 Qb6 7. Nxc6
bxc6 8. O-O g6 9. Qe2 Ng4 10. Kh1 Bg7 11. f4 O-O 12. h3 Nf6 13. Rf3 e6 14.
Rb1 d5 15. Bd3 c5 16. b3 Bb7 17. e5 Nd7 18. Rf1 f6 19. Na4 Qc7 20. exf6
Nxf6 21. Qxe6+ Kh8 22. Bb2 d4 23. Qc4 Rac8 24. Rf2 Nh5 25. Nxc5 Rxf4 26.
Nxb7 Rxf2 27. Nd6 Qxc4 28. bxc4 Rcf8 29. Rc1 Ng3+ 30. Kg1 Ne2+ 31. Bxe2
Rxe2 32. Nb5 Rff2 33. Bxd4 Rxg2+ 34. Kf1 Bxd4 35. Nxd4 Ref2+ 36. Ke1 Rf4
37. c3 Rg1+ 38. Kd2 Rf2+ 39. Ke3 Rxc1 40. Kxf2 Rxc3 0-1

[Event "ch-ISR"]
[Site "Ramat Aviv ISR"]
[Date "2004.09.28"]
[Round "8"]
[White "Kudischewitsch,D"]
[Black "Kantsler,B"]
[Result "1/2-1/2"]
[WhiteElo "2405"]
[BlackElo "2474"]
[EventDate "2004.09.19"]

1. e4 c5 2. Nf3 e6 3. d4 cxd4 4. Nxd4 a6 5. g3 Nf6 6. Bg2 d6 7. O-O Be7 8.
c4 O-O 9. b3 Qc7 10. Bb2 Nc6 1/2-1/2

[Event "ch-ISR"]
[Site "Ramat Aviv ISR"]
[Date "2004.09.28"]
[Round "8"]
[White "Shachar,E"]
[Black "Gruenfeld,Y"]
[Result "1-0"]
[WhiteElo "2394"]
[BlackElo "2471"]
[EventDate "2004.09.19"]

1. e4 c5 2. Nf3 e6 3. d3 d5 4. Nbd2 Nc6 5. g3 Bd6 6. Bg2 Nge7 7. O-O O-O 8.
Nh4 b5 9. f4 f5 10. Re1 Rb8 11. exd5 exd5 12. Ndf3 Bc7 13. Bd2 b4 14. c3
bxc3 15. bxc3 d4 16. Rc1 dxc3 17. Bxc3 Nd5 18. Ba1 Bb6 19. Ng5 Rb7 20. Nxh7
Kxh7 21. Qh5+ Kg8 22. Ng6 c4+ 23. Kh1 c3 24. Bxc3 Nxc3 25. Bxc6 Bd4 26.
Nxf8 Qd6 27. Qh7+ Kxf8 28. Qh8+ Kf7 29. Be8+ 1-0

[Event "ch-ISR"]
[Site "Ramat Aviv ISR"]
[Date "2004.09.28"]
[Round "8"]
[White "Zilberman,Y"]
[Black "Kaplan,S"]
[Result "0-1"]
[WhiteElo "2430"]
[BlackElo "2326"]
[EventDate "2004.09.19"]

1. g3 d5 2. Bg2 Nf6 3. d3 c6 4. Nd2 Bg4 5. h3 Bh5 6. g4 Bg6 7. f4 e6 8. e4
h6 9. Qe2 Bc5 10. f5 Bh7 11. fxe6 fxe6 12. exd5 O-O 13. dxc6 Nxc6 14. Ngf3
Nd5 15. Nb3 Bb4+ 16. c3 Nxc3 17. bxc3 Bxc3+ 18. Bd2 Bxa1 19. Nxa1 Bxd3 20.
Qe3 e5 21. Nb3 e4 22. Nfd4 Nxd4 23. Nxd4 Qf6 24. Rg1 Rad8 25. Bc3 Rc8 26.
Bd2 Rc4 27. Ne2 Qa1+ 28. Nc1 Rc2 29. g5 Rfc8 30. Bxe4 Rxc1+ 31. Bxc1 Rxc1+
32. Kf2 Qb2+ 33. Kf3 Bxe4+ 34. Kxe4 Rc4+ 35. Kf5 Qc2+ 36. Ke5 Rc5+ 37. Kd6
Rc6+ 38. Kd7 Qf5+ 0-1

[Event "ch-ISR"]
[Site "Ramat Aviv ISR"]
[Date "2004.09.28"]
[Round "8"]
[White "Zoler,D"]
[Black "Bitansky,I"]
[Result "1/2-1/2"]
[WhiteElo "2518"]
[BlackElo "2377"]
[EventDate "2004.09.19"]

1. e4 d5 2. exd5 Qxd5 3. Nc3 Qd6 4. Bc4 Be6 5. Qe2 Bxc4 6. Qxc4 Qc6 7.
Qxc6+ Nxc6 8. Nf3 Nb4 9. Kd1 Nf6 10. a3 Nbd5 11. Nxd5 Nxd5 12. c4 Nf4 13.
d4 Nd3 14. Ke2 Nxc1+ 15. Raxc1 e6 16. Rhd1 Be7 17. Rc3 Bf6 18. Re3 O-O-O
19. Ne5 Bxe5 20. dxe5 Rxd1 21. Kxd1 Kd7 22. Kc2 Ke7 23. Rg3 g6 24. Rh3 Rd8
25. Rxh7 Rd4 26. Rh3 Rxc4+ 27. Rc3 Rxc3+ 28. Kxc3 f5 29. h4 Kf7 30. g3 Kg7
31. f3 Kh6 32. g4 g5 33. h5 fxg4 34. fxg4 c6 35. Kb4 b6 36. a4 Kg7 37. a5
Kh6 38. axb6 axb6 1/2-1/2

[Event "ch-ISR"]
[Site "Ramat Aviv ISR"]
[Date "2004.09.28"]
[Round "8"]
[White "Birnboim,N"]
[Black "Krayz,A"]
[Result "1-0"]
[WhiteElo "2349"]
[BlackElo "2424"]
[EventDate "2004.09.19"]

1. d4 Nf6 2. c4 e6 3. g3 Bb4+ 4. Bd2 Bxd2+ 5. Qxd2 O-O 6. Nf3 d6 7. Bg2 Qe7
8. O-O e5 9. Nc3 Re8 10. e4 Bg4 11. d5 Bxf3 12. Bxf3 a5 13. a3 Na6 14. Rab1
Nc5 15. b4 axb4 16. axb4 Na4 17. Nd1 Rec8 18. Ne3 c6 19. dxc6 Rxc6 20. Ra1
Qf8 21. Rfd1 h6 22. Bg2 h5 23. f3 Nb6 24. Rac1 Ne8 25. f4 Qe7 26. Nd5 Nxd5
27. exd5 Rca6 28. fxe5 Qxe5 29. Re1 Qf5 30. c5 Nf6 31. Qf4 Qd3 32. Bf1 Qxd5
33. Bxa6 Rxa6 34. Rcd1 Qc6 35. Rxd6 Qc8 36. Rxa6 bxa6 37. Qd6 Qf5 38. c6
Qc2 39. c7 Ng4 40. Re2 Qc1+ 41. Kg2 Kh7 42. Qd3+ 1-0

[Event "ch-ISR"]
[Site "Ramat Aviv ISR"]
[Date "2004.09.29"]
[Round "9"]
[White "Golod,V"]
[Black "Avrukh,B"]
[Result "1/2-1/2"]
[WhiteElo "2538"]
[BlackElo "2600"]
[EventDate "2004.09.19"]

1. d4 Nf6 2. c4 g6 3. Nc3 Bg7 4. e4 d6 5. Be2 O-O 6. Nf3 e5 7. O-O Nc6 8.
d5 Ne7 9. b4 Nh5 10. Re1 a5 11. bxa5 Rxa5 12. Bf1 c5 13. Nd2 Nf4 14. a4 Kh8
15. Ra3 Ng8 16. Nb5 Nh6 17. Nf3 Ra6 18. Bxf4 exf4 19. e5 Nf5 20. exd6 Nxd6
21. Nd2 Qa5 22. Ne4 Re8 23. Nec3 Be5 24. Rb3 Kg7 25. Nxd6 Rxd6 26. Ne4 Rb6
27. Qd2 Qxd2 28. Nxd2 Rxb3 29. Nxb3 b6 30. a5 bxa5 31. Nxc5 Kf8 32. Na4 Bd7
33. Nb6 Bf5 34. c5 Bd4 35. Rxe8+ Kxe8 36. Bb5+ Kd8 37. Na4 Bc2 1/2-1/2

[Event "ch-ISR"]
[Site "Ramat Aviv ISR"]
[Date "2004.09.29"]
[Round "9"]
[White "Roiz,M"]
[Black "Erenburg,S"]
[Result "1/2-1/2"]
[WhiteElo "2574"]
[BlackElo "2533"]
[EventDate "2004.09.19"]

1. e4 c6 2. d4 d5 3. e5 Bf5 4. h4 h5 5. c4 e6 6. Nc3 Nd7 7. Bg5 Qb6 8. Qd2
Ne7 9. Rc1 dxc4 10. Bxc4 Nd5 11. Nge2 f6 12. Bxd5 cxd5 13. exf6 gxf6 14.
Be3 Bd6 15. O-O Kf7 16. Bf4 Be7 17. Rfe1 Rae8 18. Na4 Qb4 19. Rc7 e5 20.
dxe5 fxe5 21. Ng3 Qxd2 22. Bxd2 Bg4 23. Rxb7 Bxh4 24. Nc5 Re7 25. Nxd7 Rxd7
26. Rxd7+ Bxd7 27. Rxe5 Bxg3 28. fxg3 Be6 29. Bc3 Rh6 30. Rg5 d4 31. Bxd4
Bxa2 32. Rg7+ Ke6 33. Rxa7 Bc4 34. Ra5 Rh7 35. Re5+ Kd6 36. b4 Be6 37. b5
Bg4 38. Rg5 Rb7 39. Kf2 Rf7+ 40. Ke3 Kc7 41. Ke4 Be2 42. Ke3 Bg4 43. Bc5
Kb7 44. Kd4 Be2 45. b6 Rd7+ 46. Ke3 Bd1 47. Bd4 Bg4 48. Ra5 Kc6 49. Ra4 Kb7
50. Ke4 Kc6 51. Rc4+ Kb7 52. Ke5 Re7+ 53. Kd6 Rd7+ 54. Ke5 Re7+ 55. Kf4
Rf7+ 56. Kg5 Rd7 57. Bg1 Be2 58. Re4 Bd1 59. g4 Bxg4 60. Rxg4 hxg4 61. Kxg4
Rg7+ 62. Kf3 Rf7+ 63. Ke2 Rg7 64. Kf1 Kc6 65. Bd4 Rg8 66. Kf2 Kd5 67. Be3
Rf8+ 1/2-1/2

[Event "ch-ISR"]
[Site "Ramat Aviv ISR"]
[Date "2004.09.29"]
[Round "9"]
[White "Lerner,K"]
[Black "Huzman,A"]
[Result "1/2-1/2"]
[WhiteElo "2494"]
[BlackElo "2588"]
[EventDate "2004.09.19"]

1. c4 e6 2. d4 d5 3. Nf3 Nf6 4. Nc3 dxc4 5. e3 c5 6. Bxc4 a6 7. Bd3 Nbd7 8.
O-O b6 9. Qe2 Bb7 10. Rd1 Qb8 11. h3 Bd6 12. Ng5 O-O 13. Nge4 Nxe4 1/2-1/2

[Event "ch-ISR"]
[Site "Ramat Aviv ISR"]
[Date "2004.09.29"]
[Round "9"]
[White "Khmelniker,I"]
[Black "Postny,E"]
[Result "1/2-1/2"]
[WhiteElo "2444"]
[BlackElo "2563"]
[EventDate "2004.09.19"]

1. d4 Nf6 2. c4 e6 3. Nf3 d5 4. Nc3 dxc4 5. e4 Bb4 6. Bg5 c5 7. Bxc4 cxd4
8. Bxf6 Qxf6 9. e5 Qf4 10. Qxd4 Qxd4 11. Nxd4 Bxc3+ 12. bxc3 Nd7 13. f4 Nb6
14. Bb3 Bd7 15. O-O g6 16. a4 Rc8 17. a5 Na8 18. Ba4 Rxc3 19. Bxd7+ Kxd7
20. Rfd1 Ke7 21. Nb5 Rc5 22. Nxa7 Nc7 23. Rab1 Rd8 24. Rdc1 Rxc1+ 25. Rxc1
Kd7 26. Rb1 Rb8 27. g3 Nd5 28. Nb5 b6 29. Nd6 f5 30. Kg2 Kc7 31. axb6+ Rxb6
32. Ne8+ Kd8 33. Rxb6 Nxb6 34. Nf6 h6 35. Ng8 Ke8 36. Nxh6 Kf8 37. g4 Kg7
38. g5 1/2-1/2

[Event "ch-ISR"]
[Site "Ramat Aviv ISR"]
[Date "2004.09.29"]
[Round "9"]
[White "Gershon,A"]
[Black "Klenburg,M"]
[Result "1/2-1/2"]
[WhiteElo "2518"]
[BlackElo "2399"]
[EventDate "2004.09.19"]

1. d4 d6 2. Nf3 Nf6 3. c4 Nbd7 4. Nc3 e5 5. e4 Be7 6. Be2 c6 7. O-O O-O 8.
Re1 Qc7 9. Bf1 Re8 10. d5 a6 11. Bd2 cxd5 12. cxd5 b5 13. b4 Nb6 14. a4
bxa4 15. Nxa4 Bd7 16. Nc3 Nc4 17. Qb3 Nxd2 18. Nxd2 Qb7 19. Nc4 Reb8 20.
Reb1 Rc8 21. h3 Ne8 22. Na5 Qb6 23. Na4 Qa7 24. Bc4 Nf6 25. Nc3 Bd8 26. Nc6
Qb7 27. b5 axb5 28. Rxa8 Rxa8 29. Qxb5 Qxb5 30. Bxb5 Bb6 31. Na4 Bc7 32. f3
Kf8 33. Kh2 Ne8 34. Rb4 f5 35. Bd3 fxe4 36. Bxe4 g6 37. Nb6 Bxb6 38. Rxb6
Bxc6 39. dxc6 Nc7 40. Rb7 Rc8 41. Ra7 Ke7 42. h4 Ke6 43. h5 d5 44. Bd3 gxh5
45. Bxh7 Kd6 46. Bf5 Ra8 47. Rxa8 Nxa8 48. Kh3 Kxc6 49. Kh4 Kd6 50. Kxh5
Ke7 51. g4 Nc7 52. g5 Ne8 53. Kg6 Kf8 54. Be6 e4 55. Bxd5 exf3 56. Bxf3 Nc7
57. Bg4 Nd5 58. Kh6 Nf4 59. Kh7 Kf7 60. Bf5 Kf8 61. Bc8 Kf7 62. Ba6 Kf8 63.
Bc4 Ke7 64. Kg8 Ke8 65. Bb3 Ke7 66. Kh7 Kf8 67. Bc2 Kf7 68. Bf5 Kf8 69. Bc2
Kf7 70. Bb3+ Kf8 71. Bg8 Ke7 1/2-1/2

[Event "ch-ISR"]
[Site "Ramat Aviv ISR"]
[Date "2004.09.29"]
[Round "9"]
[White "Sidorenko,I"]
[Black "Gofshtein,Z"]
[Result "0-1"]
[WhiteElo "2283"]
[BlackElo "2540"]
[EventDate "2004.09.19"]

1. e4 Nc6 2. d4 e5 3. Nf3 exd4 4. Bc4 Nf6 5. e5 d5 6. Bb5 Nd7 7. O-O Be7 8.
Qe2 O-O 9. Bxc6 bxc6 10. e6 Nc5 11. Nxd4 Ba6 12. Qd1 Bxf1 13. Nxc6 Qd6 14.
Nxe7+ Qxe7 15. exf7+ Rxf7 16. Qxf1 Ne4 17. Be3 Nxf2 18. Bxf2 Rxf2 19. Qxf2
Rf8 20. Nc3 Rxf2 21. Kxf2 Qc5+ 0-1

[Event "ch-ISR"]
[Site "Ramat Aviv ISR"]
[Date "2004.09.29"]
[Round "9"]
[White "Mikhalevski,V"]
[Black "Shevelev,A"]
[Result "1/2-1/2"]
[WhiteElo "2551"]
[BlackElo "2340"]
[EventDate "2004.09.19"]

1. Nf3 Nf6 2. c4 c5 3. Nc3 Nc6 4. g3 e6 5. Bg2 Qb6 6. O-O Be7 7. b3 O-O 8.
Bb2 d5 9. Na4 Qa6 10. cxd5 Nxd5 11. Rc1 b6 12. d4 Nxd4 13. Nxd4 cxd4 14.
Bxd5 exd5 15. Bxd4 Bh3 16. Re1 Rac8 17. Qd2 Qb7 18. f3 h6 19. Qb2 f6 20.
Qd2 Bd6 21. Nb2 Qb8 22. Bf2 Be6 23. Nd3 h5 24. Kg2 h4 25. gxh4 Qb7 26. Bg3
Ba3 27. Rxc8 Rxc8 28. h5 Bf8 29. Rd1 Bf7 30. h6 g5 31. h4 g4 32. Qf4 gxf3+
33. Qxf3 Bxh6 34. Qxf6 d4+ 35. Kg1 Bg7 36. Qg5 Qe4 37. Be5 Qg6 38. Qxg6
Bxg6 39. Bxg7 Kxg7 40. Ne1 Re8 41. Kf2 Rf8+ 42. Kg1 Bh5 43. Rd2 Rf4 44. Nc2
d3 45. exd3 Rxh4 46. Kg2 Bg6 47. Kg3 Rh1 48. Ne3 Re1 49. Kf4 Kf6 50. d4 Rh1
51. d5 Ke7 52. d6+ Kd7 53. Ng4 Rf1+ 54. Kg5 Rg1 55. Rd4 Be8 56. Re4 Rg2 57.
a4 a5 58. Re7+ Kxd6 59. Rxe8 Rg3 60. Kf5 Rf3+ 61. Ke4 Rxb3 62. Rd8+ Kc7 63.
Rd4 b5 64. axb5 Rxb5 1/2-1/2

[Event "ch-ISR"]
[Site "Ramat Aviv ISR"]
[Date "2004.09.29"]
[Round "9"]
[White "Livshits,G"]
[Black "Bykhovsky,An ISR"]
[Result "1-0"]
[WhiteElo "2415"]
[BlackElo "2209"]
[EventDate "2004.09.19"]

1. e4 c5 2. Nf3 Nc6 3. Nc3 e5 4. Bc4 d6 5. d3 Be7 6. Nd2 Bg5 7. h4 Bxd2+ 8.
Bxd2 Nf6 9. O-O O-O 10. f4 Ng4 11. Qe1 exf4 12. Bxf4 Nce5 13. Qg3 Be6 14.
b3 h5 15. a4 Qd7 16. Rad1 Rad8 17. Nd5 f6 18. c3 Rfe8 19. Bxe5 dxe5 20.
Rxf6 Kh8 21. Rf3 a6 22. a5 Bxd5 23. Bxd5 Qc7 24. Bf7 Rf8 25. Bxh5 Rxf3 26.
gxf3 Nf6 27. Bg6 Qxa5 28. Qxe5 Qb6 29. Qg5 Qxb3 30. Qd2 b5 31. e5 Ng8 32.
Re1 Qe6 33. Qg5 Rf8 34. Be4 Qd7 35. Qg6 1-0

[Event "ch-ISR"]
[Site "Ramat Aviv ISR"]
[Date "2004.09.29"]
[Round "9"]
[White "Gerzhoy,L"]
[Black "Shachar,E"]
[Result "1/2-1/2"]
[WhiteElo "2376"]
[BlackElo "2394"]
[EventDate "2004.09.19"]

1. d4 e6 2. c4 f5 3. Nf3 Nf6 4. g3 Be7 5. Bg2 O-O 6. O-O d6 7. b3 Ne4 8.
Bb2 Bf6 9. Nbd2 Nc6 10. e3 a5 11. a3 Nxd2 12. Nxd2 e5 13. d5 Ne7 14. f4 Ng6
15. Qc2 Bd7 16. Rae1 c6 17. c5 e4 18. dxc6 Bxc6 19. cxd6 Bxb2 20. Qxb2 Qxd6
21. Nc4 Qc5 22. Rf2 Bd5 23. Rc2 Rac8 24. b4 Qc7 25. Rec1 axb4 26. Nd6 Qxd6
27. Rxc8 bxa3 28. Qd4 Ne7 29. R8c7 Rd8 30. Bf1 a2 31. R7c2 h6 32. Bc4 Qa3
33. Bxa2 Kh7 34. Bxd5 Nxd5 35. Kf2 Rd7 36. Qc5 Qd3 37. Re2 Rc7 38. Qxc7
Nxc7 39. Rxc7 b5 40. Rc1 b4 41. Rb2 Kg6 42. h3 Kh5 43. Rc5 Qa3 44. Rd2 Kg6
45. g4 fxg4 46. hxg4 Qa1 47. Rb5 Qh1 48. Re2 Qf3+ 49. Ke1 Qh1+ 50. Kf2 Qh4+
51. Kf1 Qh3+ 52. Kf2 Qxg4 53. Rxb4 Qf3+ 54. Ke1 h5 55. Rb5 h4 56. Rg5+ Kf6
57. Rg1 h3 58. Kd2 Qh5 59. Rg5 Qh8 60. Rg1 Qd8+ 61. Ke1 Qa5+ 62. Kf2 Qh5
63. Ke1 Qa5+ 64. Kf2 Qh5 65. Ke1 Qa5+ 1/2-1/2

[Event "ch-ISR"]
[Site "Ramat Aviv ISR"]
[Date "2004.09.29"]
[Round "9"]
[White "Kaplan,S"]
[Black "Rinberg,A"]
[Result "0-1"]
[WhiteElo "2326"]
[BlackElo "2336"]
[EventDate "2004.09.19"]

1. e4 e5 2. Nf3 Nf6 3. Nc3 Bb4 4. Nxe5 O-O 5. Be2 Re8 6. Nd3 Bxc3 7. dxc3
Nxe4 8. Nf4 d6 9. O-O Nd7 10. Be3 Ndf6 11. c4 c6 12. c3 Bf5 13. Re1 h6 14.
Bd4 Nc5 15. Bf1 Rxe1 16. Qxe1 Nfd7 17. Rd1 Ne6 18. Be3 Nf6 19. c5 d5 20. c4
Qc7 21. cxd5 Nxf4 22. d6 Nh3+ 23. gxh3 Qd7 24. Bf4 Bxh3 25. Bxh3 Qxh3 26.
Bg3 Qg4 27. Rd3 h5 28. Qd1 Qf5 29. b4 a6 30. Bh4 Nd5 31. Rg3 f6 32. Kf1 Qf4
33. d7 Qxh4 34. Qe2 Kf7 35. Qd3 g5 36. Qh7+ Ke6 37. Rf3 Qc4+ 38. Kg2 Qg4+
0-1

[Event "ch-ISR"]
[Site "Ramat Aviv ISR"]
[Date "2004.09.29"]
[Round "9"]
[White "Kantsler,B"]
[Black "Zaltz,D"]
[Result "1-0"]
[WhiteElo "2474"]
[BlackElo "2315"]
[EventDate "2004.09.19"]

1. d4 Nf6 2. Nf3 g6 3. c4 Bg7 4. Nc3 O-O 5. e4 d6 6. Be2 e5 7. O-O Nc6 8.
d5 Ne7 9. b4 a5 10. bxa5 Rxa5 11. a4 c5 12. Ra3 Ne8 13. Nb5 h6 14. Nd2 f5
15. exf5 gxf5 16. f4 exf4 17. Bh5 Nf6 18. Nb3 Ra6 19. Bxf4 Nxh5 20. Qxh5
Kh7 21. Nd2 Rf6 22. Bg5 Rg6 23. Rg3 Qd7 24. Nf3 Be5 25. Nh4 Rg7 26. Qxh6+
Kg8 27. Bf6 Rxg3 28. hxg3 1-0

[Event "ch-ISR"]
[Site "Ramat Aviv ISR"]
[Date "2004.09.29"]
[Round "9"]
[White "Porat,S"]
[Black "Kantarji,P"]
[Result "1/2-1/2"]
[WhiteElo "2431"]
[BlackElo "2414"]
[EventDate "2004.09.19"]

1. d4 d5 2. c4 e6 3. Nf3 Nf6 4. g3 c6 5. Bg2 Be7 6. Qc2 O-O 7. O-O b6 8.
Rd1 Nbd7 9. Nc3 Ba6 10. Ne5 Qc8 11. e4 Bxc4 12. Nxc4 dxc4 13. Bg5 h6 14.
Bf4 b5 15. h3 Re8 16. g4 Bb4 17. Ne2 Qb7 18. Ng3 e5 19. dxe5 Nxe5 20. Nf5
Nd3 21. Bd6 Qb6 22. g5 Bxd6 23. gxf6 Re6 24. fxg7 Bc5 25. Rf1 Bd4 26. Rad1
Rae8 27. b3 Qc5 28. bxc4 bxc4 29. Rd2 Rg6 30. Kh1 Nb4 31. Qd1 Bxg7 32. Qh5
Qf8 33. a3 Nd3 34. f4 Qxa3 35. e5 Qb4 36. Qe2 Qa5 37. Be4 Qc3 38. Bxd3 cxd3
39. Rxd3 Qc4 40. Ne7+ Kh7 41. Nxg6 fxg6 42. Qf3 Rf8 43. Rd7 Kh8 44. Re1
Rxf4 45. Qg2 Qc3 46. Rf1 1/2-1/2